000 01139nam a2200253 i 4500
001 163341
003 ES-MaACL
005 20250821063103.0
008 950206s1899 sp f |||| | spa d
080 _a726.8.035(460.27 M.)
100 1 _aRepullés y Vargas, Enrique María,
_d1845-1922
_996277
245 1 0 _aPanteones y sepulcros en los cementerios de Madrid /
_cfototipias de Hauser y Menet ; texto de E.M.R.
260 _aMadrid :
_bAntero de Oteyza y Barinaga,
_c1899 (
_fImp. de San Francisco de Sales)
300 _a[32] p., [14] h. de lám. ;
_c31 cm.
490 1 _aBiblioteca del "Resumen de arquitectura"
530 _aDisponible en formato digital.
650 4 _aMonumentos funerarios-
_zMadrid.
_915188
700 1 _aOteyza y Barinaga, Antero de.
_9130741
710 2 _aHauser y Menet (Madrid)
_94558
830 1 _aBiblioteca del "Resumen de arquitectura"
_9188429
852 4 _aES-MaACL
_jB-11453
_z- Enc. tela gris con hierros dorados
856 4 _uhttp://ciconia.gobex.es/biblioteca/es/consulta/registro.cmd?id=3690
_zBiblioteca Digital del Patrimonio Cultural de Extremadura
999 _c163341
_d163341